<?xml version="1.0" encoding="UTF-8"?><?xml-stylesheet type="text/xsl" href="static/style.xsl"?><OAI-PMH xmlns="http://www.openarchives.org/OAI/2.0/" xmlns:xsi="http://www.w3.org/2001/XMLSchema-instance" xsi:schemaLocation="http://www.openarchives.org/OAI/2.0/ http://www.openarchives.org/OAI/2.0/OAI-PMH.xsd"><responseDate>2026-06-06T00:39:21Z</responseDate><request verb="GetRecord" identifier="oai:riuma.uma.es:10630/37978" metadataPrefix="marc">https://riuma.uma.es/rest/oai/request</request><GetRecord><record><header><identifier>oai:riuma.uma.es:10630/37978</identifier><datestamp>2026-02-03T11:43:35Z</datestamp><setSpec>com_10630_2254</setSpec><setSpec>col_10630_37956</setSpec></header><metadata><record xmlns="http://www.loc.gov/MARC21/slim" xmlns:dcterms="http://purl.org/dc/terms/" xmlns:doc="http://www.lyncode.com/xoai" xmlns:xsi="http://www.w3.org/2001/XMLSchema-instance" xsi:schemaLocation="http://www.loc.gov/MARC21/slim http://www.loc.gov/standards/marcxml/schema/MARC21slim.xsd">
   <leader>00925njm 22002777a 4500</leader>
   <datafield ind2=" " ind1=" " tag="042">
      <subfield code="a">dc</subfield>
   </datafield>
   <datafield ind2=" " ind1=" " tag="720">
      <subfield code="a">Enríquez-Aranda, Mercedes</subfield>
      <subfield code="e">author</subfield>
   </datafield>
   <datafield ind2=" " ind1=" " tag="720">
      <subfield code="a">Mendoza García, Inmaculada</subfield>
      <subfield code="e">author</subfield>
   </datafield>
   <datafield ind2=" " ind1=" " tag="260">
      <subfield code="c">2013</subfield>
   </datafield>
   <datafield ind2=" " ind1=" " tag="520">
      <subfield code="a">El traductor está obligado a usar, gestionar y procesar información que le ayude a encontrar soluciones a los posibles problemas que su tarea de traducción le plantee. Forma parte intrínseca de la competencia traductora, por tanto, la competencia documental del traductor, y, como tal, es tratada en los Estudios de Traducción que a día de hoy se ofertan en la Universidad española. En este trabajo interpretamos el tratamiento didáctico que se le concede a la competencia documental en la formación de traductores, tratada de forma exclusiva en asignaturas independientes o de forma transversal como parte de otras asignaturas de traducción. Posteriormente, presentamos una aplicación práctica centrada en el proceso de recuperación documental previo a la traducción, cuya implementación y evaluación permiten valorar la importancia del desarrollo de la competencia documental como parte de las competencias especí!cas profesionales que el futuro traductor debe desarrollar en cualquier par de lenguas.</subfield>
   </datafield>
   <datafield ind1="8" ind2=" " tag="024">
      <subfield code="a">ENRÍQUEZ-ARANDA, Mercedes e Inmaculada MENDOZA GARCÍA (2013): “La documentación en la formación de traductores: exégesis de su tratamiento didáctico y aplicación”, en E. ORTEGA ARJONILLA (dir.): Translating Culture/Traduire la Culture/Traducir la Cultura (vol. 9: eds. I. DELGADO PUGÉS, T. BARCELÓ MARTÍNEZ y G. CAPRARA): Sobre didáctica de la L2, de la cultura extranjera y de la traducción, Granada, Comares, 1391-1412.</subfield>
   </datafield>
   <datafield ind1="8" ind2=" " tag="024">
      <subfield code="a">978-84-9045-050-5</subfield>
   </datafield>
   <datafield ind1="8" ind2=" " tag="024">
      <subfield code="a">https://hdl.handle.net/10630/37978</subfield>
   </datafield>
   <datafield tag="653" ind2=" " ind1=" ">
      <subfield code="a">Traductores - Formación profesional</subfield>
   </datafield>
   <datafield tag="653" ind2=" " ind1=" ">
      <subfield code="a">Traducción - Práctica</subfield>
   </datafield>
   <datafield ind2="0" ind1="0" tag="245">
      <subfield code="a">La documentación en la formación de traductores: exégesis de su tratamiento didáctico y aplicación.</subfield>
   </datafield>
</record>
</metadata></record></GetRecord></OAI-PMH>